| 000 | 00475nam a2200193Ia 4500 | ||
|---|---|---|---|
| 008 | 170918s9999 xx 000 0 und d | ||
| 020 | _a9780590134828 | ||
| 050 | _bD285 1994 | ||
| 100 | _aDeary, Terry | ||
| 245 | 4 | _aThe slimy Stuarts / | |
| 245 | _cTerry Deary ; illustrated by Martin Brown. | ||
| 260 | _aNew York : | ||
| 260 | _bScholastic, | ||
| 260 | _c1996 | ||
| 300 | _a127 pages : | ||
| 300 | _bcolored illustration ; | ||
| 300 | _c21cm. | ||
| 500 | _a840 | ||
| 999 |
_c342105 _d342105 |
||